000 01270pam a2200361 i 4500
999 _c175709
_d175709
001 vtls000797321
003 PNM
005 20191229110802.0
008 160222s2016 my o g 000 0 may
015 _aM16-04422
020 _a9789671398203
_qpaperback
_cRM22.00
039 9 _a201909231237
_banis_o
_c201805030947
_dfadzli
_c201804130807
_dmasliza
_c201803281039
_ddayang
040 _aBNM
_beng
_cBNM
_dPNM
_dPPAK
_erda
049 _aklpmal
082 0 4 _a910.4
_223
090 0 0 _a910.4
_bMOH
_dG
100 0 _aMohamad Jafri Ahmad,
_d1985-
_eauthor,
_eeditor.
245 1 0 _aDARI MALAYA KE HIMALAYA /
_cMOHAMAD JAFRI AHMAD ; Editor: Mohamad Jafri Ahmad
246 3 4 _aDari Malaya ke Himalaya :
_btravelog jelajah pergunungan Annapurna
264 1 _a[Kuala Rompin, Pahang] :
_bMOHAMAD JAFRI AHMAD,
_c[2016?]
300 _a133 pages :
_bcolour photographs ;
_c22 cm
336 _atext
_2rdacontent
337 _aunmediated
_2rdamedia
338 _avolume
_2rdacarrier
600 0 4 _aMohamad Jafri Ahmad,
_d1985-
_vAnecdotes
650 1 0 _aTravelers' writings, Malaysian
650 2 0 _aMountaineering
_zNepal
_zAnnapurna
651 0 _aAnnapurna (Nepal)
_xDescription and travel
942 _2ddc
_cB
949 _61001363563
949 _61001363564
949 _61001363565